<?xml version="1.0" encoding="UTF-8"?>
<record
    xmlns:xsi="http://www.w3.org/2001/XMLSchema-instance"
    xsi:schemaLocation="http://www.loc.gov/MARC21/slim http://www.loc.gov/standards/marcxml/schema/MARC21slim.xsd"
    xmlns="http://www.loc.gov/MARC21/slim">

  <leader>01049cam a22003138i 4500</leader>
  <controlfield tag="001">.b36158999</controlfield>
  <controlfield tag="003">YEEZEN</controlfield>
  <controlfield tag="005">20240102145103.0</controlfield>
  <controlfield tag="008">210720s2021    ch a     b    001 0 chi d</controlfield>
  <datafield tag="020" ind1=" " ind2=" ">
    <subfield code="a">9789860622836</subfield>
    <subfield code="q">(&#x5E73;&#x88DD;)</subfield>
  </datafield>
  <datafield tag="040" ind1=" " ind2=" ">
    <subfield code="a">CIP</subfield>
    <subfield code="b">chi</subfield>
    <subfield code="c">CIP</subfield>
    <subfield code="d">CKT</subfield>
    <subfield code="e">rda</subfield>
  </datafield>
  <datafield tag="041" ind1="0" ind2=" ">
    <subfield code="a">chi</subfield>
  </datafield>
  <datafield tag="042" ind1=" " ind2=" ">
    <subfield code="a">nbic</subfield>
  </datafield>
  <datafield tag="090" ind1=" " ind2=" ">
    <subfield code="a">417.51</subfield>
    <subfield code="b">0044b</subfield>
  </datafield>
  <datafield tag="100" ind1="1" ind2=" ">
    <subfield code="a">&#x5ED6;&#x83EF;&#x82B3;</subfield>
  </datafield>
  <datafield tag="245" ind1="1" ind2="0">
    <subfield code="a">&#x5152;&#x7AE5;&#x7269;&#x7406;&#x6CBB;&#x7642;&#x5B78; =</subfield>
    <subfield code="b">Pediatric physical therapy-health promotion, habilitation and rehabilitation /</subfield>
    <subfield code="c">&#x5ED6;&#x83EF;&#x82B3;&#x4F5C;[&#x53CA;&#x5176;&#x4ED6;12&#x4EBA;]</subfield>
  </datafield>
  <datafield tag="246" ind1="3" ind2="1">
    <subfield code="a">Pediatric physical therapy-health promotion,habilitation and rehabilitation.</subfield>
  </datafield>
  <datafield tag="250" ind1=" " ind2=" ">
    <subfield code="a">&#x521D;&#x7248;</subfield>
  </datafield>
  <datafield tag="264" ind1=" " ind2="1">
    <subfield code="a">&#x81FA;&#x5317;&#x5E02; :</subfield>
    <subfield code="b">&#x79BE;&#x6953;&#x66F8;&#x5C40;&#x6709;&#x9650;&#x516C;&#x53F8;,</subfield>
    <subfield code="c">2021.</subfield>
  </datafield>
  <datafield tag="264" ind1=" " ind2="2">
    <subfield code="a">&#x81FA;&#x5317;&#x5E02; :</subfield>
    <subfield code="b">&#x83EF;&#x9A30;&#x6587;&#x5316;&#x80A1;&#x4EFD;&#x6709;&#x9650;&#x516C;&#x53F8;</subfield>
  </datafield>
  <datafield tag="300" ind1=" " ind2=" ">
    <subfield code="a">822&#x9762; :</subfield>
    <subfield code="b">&#x5716;, &#x8868; ;</subfield>
    <subfield code="c">21&#x516C;&#x5206;</subfield>
  </datafield>
  <datafield tag="336" ind1=" " ind2=" ">
    <subfield code="a">text</subfield>
    <subfield code="b">txt</subfield>
    <subfield code="2">rdacontent.</subfield>
  </datafield>
  <datafield tag="337" ind1=" " ind2=" ">
    <subfield code="a">unmediated</subfield>
    <subfield code="b">n</subfield>
    <subfield code="2">rdamedia.</subfield>
  </datafield>
  <datafield tag="338" ind1=" " ind2=" ">
    <subfield code="a">volume</subfield>
    <subfield code="b">nc</subfield>
    <subfield code="2">rdacarrier.</subfield>
  </datafield>
  <datafield tag="504" ind1=" " ind2=" ">
    <subfield code="a">&#x542B;&#x53C3;&#x8003;&#x66F8;&#x76EE;&#x53CA;&#x7D22;&#x5F15;</subfield>
  </datafield>
  <datafield tag="650" ind1=" " ind2="7">
    <subfield code="a">&#x5C0F;&#x5152;&#x79D1;</subfield>
    <subfield code="2">lcstt.</subfield>
  </datafield>
  <datafield tag="650" ind1=" " ind2="7">
    <subfield code="a">&#x7269;&#x7406;&#x6CBB;&#x7642;</subfield>
    <subfield code="2">lcstt.</subfield>
  </datafield>
  <datafield tag="942" ind1=" " ind2=" ">
    <subfield code="2">ccl</subfield>
    <subfield code="c">LNTERM</subfield>
  </datafield>
  <datafield tag="999" ind1=" " ind2=" ">
    <subfield code="c">7276</subfield>
    <subfield code="d">7276</subfield>
  </datafield>
  <datafield tag="952" ind1=" " ind2=" ">
    <subfield code="0">0</subfield>
    <subfield code="1">0</subfield>
    <subfield code="2">ccl</subfield>
    <subfield code="4">0</subfield>
    <subfield code="7">0</subfield>
    <subfield code="a">yeezen</subfield>
    <subfield code="b">yeezen</subfield>
    <subfield code="c">P002</subfield>
    <subfield code="d">2022-08-10</subfield>
    <subfield code="l">12</subfield>
    <subfield code="m">4</subfield>
    <subfield code="o">417.51</subfield>
    <subfield code="p">C02858</subfield>
    <subfield code="q">2026-06-30</subfield>
    <subfield code="r">2026-01-02 00:00:00</subfield>
    <subfield code="s">2026-01-02</subfield>
    <subfield code="w">2022-08-10</subfield>
    <subfield code="y">LNTERM</subfield>
    <subfield code="z">&#x672C;&#x66F8;&#x4E3B;&#x8981;&#x76EE;&#x7684;&#x70BA;&#x4F7F;&#x5927;&#x5C08;&#x7269;&#x7406;&#x6CBB;&#x7642;&#x9AD8;&#x5E74;&#x7D1A;&#x5B78;&#x751F;&#x5728;&#x5BE6;&#x7FD2;&#x524D;&#x6216;&#x5BE6;&#x7FD2;&#x4E2D;&#x7FD2;&#x5F97;&#x5152;&#x7AE5;&#x7269;&#x7406;&#x6CBB;&#x7642;&#x77E5;&#x80FD;&#xFF0C;&#x4E26;&#x904B;&#x7528;&#x9019;&#x4E9B;&#x77E5;&#x80FD;&#x65BC;&#x9700;&#x8981;&#x7269;&#x7406;&#x6CBB;&#x7642;&#x7684;&#x5152;&#x7AE5;&#x8207;&#x9752;&#x5C11;&#x5E74;&#x53CA;&#x5176;&#x5BB6;&#x5EAD;&#x4E0A;&#x3002;&#x5C0D;&#x65BC;&#x5152;&#x7AE5;&#x7269;&#x7406;&#x6CBB;&#x7642;&#x5F9E;&#x696D;&#x4EBA;&#x54E1;&#xFF0C;&#x7531;&#x672C;&#x66F8;&#x4E4B;&#x700F;&#x89BD;&#x53EF;&#x5168;&#x9762;&#x4E86;&#x89E3;&#x4E16;&#x754C;&#x5152;&#x7AE5;&#x7269;&#x7406;&#x6CBB;&#x7642;&#x4E4B;&#x767C;&#x5C55;&#x53CA;&#x65B0;&#x8FD1;&#x7269;&#x7406;&#x6CBB;&#x7642;&#x4E4B;&#x7406;&#x8AD6;&#x8207;&#x57F7;&#x696D;&#x6A21;&#x5F0F;&#xFF0C;&#x53EF;&#x5728;&#x6982;&#x5FF5;&#x4E0A;&#x6EAB;&#x6545;&#x77E5;&#x65B0;&#x3002;</subfield>
  </datafield>
</record>
